A Text book of Oscillation, Waves & Acoustics (Record no. 4916)

MARC details
000 -LEADER
fixed length control field 00457nam a22001697a 4500
005 - DATE AND TIME OF LATEST TRANSACTION
control field 20160630120958.0
008 - FIXED-LENGTH DATA ELEMENTS--GENERAL INFORMATION
fixed length control field 160630b xxu||||| |||| 00| 0 eng d
020 ## - INTERNATIONAL STANDARD BOOK NUMBER
ISBN 81-219-2780-3
041 ## - LANGUAGE CODE
Language code of text/sound track or separate title eng
082 ## - DEWEY DECIMAL CLASSIFICATION NUMBER
Item number 19705
100 ## - MAIN ENTRY--AUTHOR NAME
Personal name Ghosh DR M & Bhattacharya Dr D
245 ## - TITLE STATEMENT
Title A Text book of Oscillation, Waves & Acoustics
260 ## - PUBLICATION, DISTRIBUTION, ETC. (IMPRINT)
Place of publication New Delhi
Name of publisher Sultan Chand & Sons,
Year of publication 2014
300 ## - PHYSICAL DESCRIPTION
Number of Pages 247
650 ## - SUBJECT ADDED ENTRY--TOPICAL TERM
Topical Term Diploma Engineering
942 ## - ADDED ENTRY ELEMENTS (KOHA)
Koha item type Books
Holdings
Lost status Damaged status Home library Current library Shelving location Date acquired Cost, normal purchase price Full call number Accession Number Koha item type
    JRU Library   SHELF-35-I 30/06/2016 195.00 19705 19705 Books
    JRU Library   SHELF-35-I 30/06/2016 195.00 19705 19706 Books
    JRU Library   SHELF-35-I 30/06/2016 195.00 19705 19707 Books
    JRU Library   SHELF-35-I 30/06/2016 195.00 19705 19708 Books
    JRU Library   SHELF-35-I 30/06/2016 195.00 19705 19709 Books